Countries JFK visited - Statistics

General Stats
  • This quiz has been taken 124 times
  • The average score is 10 of 13
Answer Stats
Continent Country % Correct
North America Canada
96%
Europe United Kingdom
96%
North America Mexico
94%
Europe France
93%
Europe West Germany
90%
Europe Italy
85%
South America Colombia
81%
Europe Ireland
80%
South America Venezuela
78%
Europe Austria
66%
North America the Bahamas
64%
North America Costa Rica
58%
Europe Vatican City
56%
No matching quizzes found
Score Distribution
Percent of People with Each Score
Percentile by Number Answered
Your Score History
You have not taken this quiz